| 000 | 00666nam a2200217 u 4500 | ||
|---|---|---|---|
| 005 | 20240228064328.0 | ||
| 008 | 180704s2008 ag r 000 0 spa d | ||
| 020 | _a9689507532467 | ||
| 035 | _aUPN01000225883 | ||
| 049 | _aI | ||
| 050 | 4 |
_aPZ76.3 _bG3.44 |
|
| 245 | 0 | 3 |
_aLa gallina pipirigorda / _cil. Luciana Fernández. |
| 260 |
_aBuenos Aires : _bCántaro, _c2008. |
||
| 300 |
_a[24] p. : _bprincipalmente il. col. |
||
| 440 | 0 |
_aRincón de lectura. _pPoesía de todos |
|
| 650 | 4 |
_aGALLINAS - _vLITERATURA INFANTIL _923825 |
|
| 650 | 4 |
_aLibros y lectura para niños _92290 |
|
| 700 | 1 |
_aFernández, Luciana _eil. |
|
| 905 | _aInfantil | ||
| 999 |
_c197979 _d197979 |
||